|
|
|
|
| LEADER |
01498nam a2200445 a 4500 |
| 001 |
nkc20081820532 |
| 003 |
CZ PrNK |
| 005 |
20090310131609.0 |
| 007 |
ta |
| 008 |
081002s2008 xr e 000 0 cze |
| 015 |
|
|
|a cnb001820532
|
| 020 |
|
|
|a 978-80-87068-04-5
|q (brož.)
|
| 035 |
|
|
|a (OCoLC)276817382
|
| 040 |
|
|
|a ABA001
|b cze
|d BOA001
|
| 043 |
|
|
|a e-xr---
|
| 072 |
|
7 |
|a 71
|x Územní plánování. Urbanismus. Památková péče
|2 Konspekt
|9 21
|
| 080 |
|
|
|a 719
|2 MRF
|
| 080 |
|
|
|a 930.85
|2 MRF
|
| 080 |
|
|
|a (437.3)
|2 MRF
|
| 080 |
|
|
|a (0:82-9)
|2 MRF
|
| 080 |
|
|
|a (047.6)
|2 MRF
|
| 245 |
0 |
0 |
|a Úřad kreátora /
|c [texty Roman Koucký ... et al.]
|
| 250 |
|
|
|a Vyd. 1.
|
| 260 |
|
|
|a Praha :
|b Zlatý řez,
|c 2008
|
| 300 |
|
|
|a 83 s. ;
|c 16 cm
|
| 650 |
0 |
7 |
|a památková péče
|7 ph123918
|z Česko
|2 czenas
|
| 650 |
0 |
7 |
|a kulturní dědictví
|7 ph137975
|z Česko
|2 czenas
|
| 650 |
0 |
9 |
|a historic preservation
|z Czechia
|2 eczenas
|
| 650 |
0 |
9 |
|a cultural heritage
|z Czechia
|2 eczenas
|
| 655 |
|
7 |
|a texty
|7 fd133699
|2 czenas
|
| 655 |
|
7 |
|a poznámky
|7 fd133108
|2 czenas
|
| 655 |
|
9 |
|a texts
|2 eczenas
|
| 655 |
|
9 |
|a notes
|2 eczenas
|
| 700 |
1 |
|
|a Koucký, Roman,
|d 1959-
|7 jn20001005287
|4 aut
|
| 910 |
2 |
|
|a BOA001
|b 1-1211.318
|
| 990 |
|
|
|a BK
|
| 995 |
|
|
|a 01
|
| 991 |
|
|
|b 200810
|c NOV
|
| 996 |
6 |
|
|b 2610355333
|c 1-1211.318
|l MZK
|r Sklad / do 1 hodiny
|n 1
|p p.v.
|w 000913620
|u 000010
|a 1
|e BOA001
|j MZK50
|s P
|
| 996 |
7 |
|
|b 2610370515
|c 1-1211.318
|l MZK
|r Sklad / do 1 hodiny
|n 8
|p kup
|w 000913620
|u 000020
|a 1
|e BOA001
|j MZK50
|s A
|